Responses for Show #8704 - Thursday, September 22, 2022

Contestants

[<< previous game]

Michael Menkhus, a data analyst from Kansas City, Missouri

Lynda Tsuboi, a communications specialist from New York, New York

Martha Bath, a retired CPA from Seattle, Washington (whose 1-day cash winnings total $30,800)

[next game >>]

Jeopardy! Round responses

BETTER MOMENTS IN HISTORY
CHILDREN'S BOOKS
FARMING
MUST BE NICE
MOVIE TITLE REFERENCES
CHANGE ONE LETTER WORD PAIRS
(Ken: Each response will be two words with one letter different; for example, "box boy".)
    $200 17
Versailles

Martha
    $200 1
a penguin

Lynda
    $200 27
wheat

Michael
    $200 12
caviar

Michael
    $200 26
(Michael: What is the execution room?)
...
(Ken: Yes, leading to the execution chamber.)

death row

MarthaMichael
    $200 7
(Michael: What is... oh... no)

fun & fan (fan fun)

MarthaMichael
    $400 18
V-E Day

Michael
    $400 2
Crayons

Michael
    $400 28
a rut

Michael
    $400 13
the 50-yard line

Michael
    $400 24
the Ten Commandments

Michael
    $400 8
coat & colt (a colt coat)

Lynda
    $600 19
the Rosetta Stone

Michael
    $600 4
Stuart Little

Martha
    $600 3
Green Acres

Martha
    $600 14
coral

Martha
    $600 22
helicopters

Michael
    $600 9
lost loot

Lynda
    $800 20
the Inquisition

Michael
    $1,200 5
The Wind in the Willows

Martha
    $800 29
(Michael: What are cattle?)

pigs

MarthaMichael
    $800 15
PreCheck

Michael
    $800 23
deaf adults

Lynda
    $800 10
far & oar (a far oar)

Martha
    $1000 21
1989

Michael
    $1000 6
(Lynda: Who is Eric Carle?)

Richard Scarry

Lynda
Triple Stumper
    $1000 30
California

Martha
    $1000 16
Jane Birkin

Triple Stumper
    $1000 25
ratatouille

Lynda
    $1000 11
silo & silk (silk silo)

Martha

Scores at the first commercial break (after clue 15):

Martha Lynda Michael
$5,000 $200 $1,600

Scores at the end of the Jeopardy! Round:

Martha Lynda Michael
$7,200 $2,000 $5,000

Double Jeopardy! Round responses

GEOGRAPHY VIA KOKOMO
IN MY AUTOBIOGRAPHY
HUMANS IN SPACE
OLD FASHIONED
BEYONCÉ SONGS
SOUNDS JUST LIKE AN ANIMAL
    $400 21
(Michael: What is Key West?)

Key Largo

LyndaMichael
    $400 4
Benjamin Franklin

Michael
    $400 27
a space walk

Michael
    $400 13
Old Mother Hubbard

Martha
    $400 1
"Single Ladies"

Michael
    $400 14
a dear

Martha
    $800 22
Port-au-Prince, Haiti

Triple Stumper
    $800 7
Mark Twain

Michael
    $8,000 26
the ISS (International Space Station)

Michael
    $800 12
Virginia

Martha
    $800 28
girls

Lynda
    $800 15
cow

Martha
    $1200 19
Bahama

Michael
    $1200 9
Malala

Michael
    $1200 6
(Michael: What is 1974?)

1972

MarthaMichael
    $1200 2
noses

Michael
    $1200 29
Lemonade

Michael
    $1200 16
lyin'

Triple Stumper
    $1600 20
Montego Bay

Martha
    $1600 10
Malcolm X

Triple Stumper
    $1600 8
(Michael: Oh. What is SpaceX?)

Blue Origin

MarthaMichael
    $1600 3
(Martha: [*].)
[Ken says nothing.]
(Martha: What is [*]?)
(Ken: Yes, that's correct; you got it in in time.)

Old High German

Martha
    $1600 25
(Ken: Less than a minute to play, Michael.)

"Dangerously In Love" & "Drunk In Love"

Triple Stumper
    $1600 17
hock

Triple Stumper
    $2000 23
Aruba

Michael
    $4,000 11
(Ken: Michael?)
(Michael: I don't have it.)

Nelson Mandela

Michael
    $2000 24
taikonauts

Triple Stumper
    $2000 5
the Julian

Michael
    $2000 30
Becky with the good hair

Triple Stumper
    $2000 18
a links

Michael

Scores at the end of the Double Jeopardy! Round:

Martha Lynda Michael
$15,600 $3,200 $18,600

[wagering suggestions for these scores]

Final Jeopardy! Round responses

POP CULTURE
(Ken: [To Lynda] You can now cross the [*] in Leland, Mississippi.)
...
(Ken: [To Martha] You didn't look overly enthused by the POP CULTURE category.)
[Martha shakes head in agreement]
LyndaWhat is Rainbow Connection?
$2,200
MarthaWhat is the Rainbow Connection?
$10,500
MichaelWhat is The Rainbow Connection?
$12,601
Rainbow Connection

Final scores:

Martha Lynda Michael
$26,100 $5,400 $31,201
2nd place: $2,000 3rd place: $1,000 New champion: $31,201

Game dynamics:

Coryat scores:

Martha Lynda Michael
$15,200 $3,200 $15,400
19 R
(including 1 DD),
0 W
7 R,
1 W
24 R
(including 1 DD),
7 W
(including 1 DD)

Combined Coryat: $33,800

[game] [game scores] [suggest correction]

Game tape date: 2022-08-03
The J! Archive is created by fans, for fans. Scraping, republication, monetization, and malicious use prohibited; this site may use cookies and collect identifying information. See terms. The Jeopardy! game show and all elements thereof, including but not limited to copyright and trademark thereto, are the property of Jeopardy Productions, Inc. and are protected under law. This website is not affiliated with, sponsored by, or operated by Jeopardy Productions, Inc. Join the discussion at JBoard.tv.